Famous Siblings - Statistics

General Stats
  • This quiz has been taken 30 times
  • The average score is 5 of 11
Answer Stats
Picture Answer % Correct
Ben Affleck
73%
Julia Roberts
65%
Karen Carpenter
58%
Mark Wahlberg
58%
Shirley MacLaine
50%
Paris Hilton
42%
Matt Dillon
35%
Joseph Fiennes
31%
John McEnroe
19%
Michael Madsen
19%
Beyonce Knowles
15%
No matching quizzes found
Score Distribution
Percent of People with Each Score
Percentile by Number Answered
Your Score History
You have not taken this quiz